000
00344nam a2200145Ia 4500
008
230724s2000 xx 000 0 und d
041
_a
eng
082
_a
345/MIS
100
_a
Misra S N
245
_a
Indian Penal Code
250
_a
9th, Ed
260
_a
Allahabad
_b
Cental Law Pub.
_c
2000
300
_a
648p.
650
_a
INDIAN PENAL CODE
999
_c
744381
_d
744381